| 000 | 01032cam a22002175a 4500 | ||
|---|---|---|---|
| 001 | L139778 | ||
| 008 | 070807s2007 xxkoc f 000 0aeng d | ||
| 035 | _a(Sirsi) u139778 | ||
| 041 | 0 | _aeng | |
| 050 | 0 | 4 | _a920 $2 22 |
| 100 | 1 | _aMeades Hawke, John | |
| 245 | 0 | 0 |
_aUnbecoming behaviour _ban autobiography |
| 260 |
_a[S.l.] _b[s.n.] _c[2007?] |
||
| 300 |
_a152p. _bill., ports. _c30cm. |
||
| 505 | 2 | _aGrandparents -- Parents -- Education -- Work -- Initial RAF training -- Canada -- Back to England -- Shellingford -- Leeds -- Demobilisation and marriage -- J J Greaves and Sons -- G A Rouse Ltd -- The farm -- Camping -- The festival of Britain -- Ulrome -- Expert witness -- Venture and the Duchess -- Worksop -- Just a thought | |
| 520 | _aThe autobiography of John Meades Hawke BSc (Est Man Lond) Ext, FRICS, FCIArb. Assisted by J.C. Williamson BA (Hons). Includes poems by the author. | ||
| 651 | 4 |
_aUnited Kingdom _y |
|
| 690 | _aABOUT RICS-RICS MEMBERS-CHARTERED SURVEYORS | ||
| 700 | 1 | _aWilliamson, J.C | |
| 942 | _n0 | ||
| 999 |
_c107345 _d107345 |
||